00546nam a2200169Ia 4500008004100000020001800041245003900059250000600098260003100104300001000135500002400145650001500169942000700184952008400191952008400275999001700359230524s9999 xx 000 0 und d a9789393165329 0aGATE 2023 - Mechanical Engineering a1 aNew DelhibMade Easyc2022 a928p; aQuantity Number: 2 aMechanical cBK 00104070aTATCLbTATCLcGENd2023-05-24l0p60150r2023-05-24w2023-05-24yBK 00104070aTATCLbTATCLcGENd2023-05-24l0p60151r2023-05-24w2023-05-24yBK c60730d60730